000
00306nam a2200133Ia 4500
100
_a
Short/Kenneth L
942
_c
BK
654
_a
microprocessor
245
_a
Microprocessor and programmed logic
260
_b
prentice
_a
New Delhi
_c
1987
082
_a
621.3028
_b
SHO
300
_a
619
546
_a
ENGLISH
999
_c
28740
_d
28740